Advanced English for translation

This book provides material which is designed above all to enable translation work to become a positive, effective and enjoyable language-learning activity. The texts give a wide selection of the styles and registers found in contemporary written English

Đã lưu trong:
Sonraí Bibleagrafaíochta
Príomhúdar: Dennis Chamberlin
Formáid: Leabhar
Teanga:Undetermined
Foilsithe: Cambridge Cambridge Univ 1987
Ábhair:
Clibeanna: Cuir Clib Leis
Gan Chlibeanna, Bí ar an gcéad duine leis an taifead seo a chlibeáil!
Thư viện lưu trữ: Trung tâm Học liệu Trường Đại học Cần Thơ
LEADER 00813nam a2200205Ia 4500
001 CTU_27022
008 210402s9999 xx 000 0 und d
020 |b 7.500đ 
082 |a 428 
082 |b C443 
100 |a Dennis Chamberlin 
245 0 |a Advanced English for translation 
245 0 |c Dennis Chamberlin, Gillian White 
260 |a Cambridge 
260 |b Cambridge Univ 
260 |c 1987 
520 |a This book provides material which is designed above all to enable translation work to become a positive, effective and enjoyable language-learning activity. The texts give a wide selection of the styles and registers found in contemporary written English 
650 |a english language - study and teaching 
904 |i Minh, 981026 
980 |a Trung tâm Học liệu Trường Đại học Cần Thơ